Statystyki dla Czy znasz wszystkie kontynenty?

Kliknij tutaj aby rozwiązać quiz!

Ogólne statystyki

  • Ten quiz został rozwiązany 59 razy
    (22 od ostatniego zresetowania)
  • Średni wynik to 7 z 7

Statystyki odpowiedzi

najmniejszy i największy krajKontynent% Poprawnych
Seszele // AlgieriaAfryka
100%
Saint Kitts I Nevis // KanadaAmeryka Północna
100%
Trynidad I Tobago // BrazyliaAmeryka Południowa
100%
Malediwy // ChinyAzja
100%
Watykan // RosjaEuropa
100%
? // ?Antarktyda
90%
Nauru // AustraliaOceania
81%

Rozkład punktacji

Percentyl według liczby udzielonych odpowiedzi

Procent ludzi z każdym wynikiem

Twoja historia wyników

Nie rozwiązałeś tego quizu od ostatniego zresetowania